000 00662nam a2200229Ia 4500
003 OSt
005 20220928124419.0
006 a|||||r|||| 00| 0
007 ta
008 220927b |||||||| |||| 00| 0 eng d
024 _a36928
037 _cTextual
040 _aSDCL
_cSDCL
_beng
041 _2eng
_aeng
082 _aQ41:4192.2'A, L5
100 _aBhattacharyya Narendra Nath
_9404627
245 0 _aAncient indian rituals and their social contents.
260 _aDelhi
_bManohar Book Service
_c1975
300 _axvi,184p.
_ccm.
942 _hQ41:4192.2'A, L5
_cTEXL
_2CC
999 _c777883
_d777883